ARRUPE JESUIT UNIVERSITY

CORONAVIRUS -STOP THE SPREAD - CLEAN,DISINFECT,COVER

The history of Gill, Godlonton and Gerrans (Record no. 3410)

MARC details
000 -LEADER
fixed length control field 00506nam a2200193Ia 4500
003 - CONTROL NUMBER IDENTIFIER
control field 0100
008 - FIXED-LENGTH DATA ELEMENTS--GENERAL INFORMATION
fixed length control field 130227s9999 xx 000 0 und d
040 ## - CATALOGING SOURCE
Transcribing agency ARRUPELIB
050 ## - LIBRARY OF CONGRESS CALL NUMBER
Classification number DT2928.C976
100 ## - MAIN ENTRY--PERSONAL NAME
Personal name Currie, M.E.
9 (RLIN) 31834
245 #4 - TITLE STATEMENT
Title The history of Gill, Godlonton and Gerrans
245 ## - TITLE STATEMENT
Remainder of title attorneys, notaries and conveyancers of Salisbury, Rhodesia, 1912-1980
260 ## - PUBLICATION, DISTRIBUTION, ETC. (IMPRINT)
Place of publication, distribution, etc Harare
Date of publication, distribution, etc 1982
300 ## - PHYSICAL DESCRIPTION
Extent 147p.
300 ## - PHYSICAL DESCRIPTION
Other physical details 23 cm
600 ## - SUBJECT ADDED ENTRY--PERSONAL NAME
Personal name Gill, Godlonton & Gerrars (Attorneys)
General subdivision History
9 (RLIN) 31835
650 ## - SUBJECT ADDED ENTRY--TOPICAL TERM
Topical term following geographic name as entry element Zimbabwe
General subdivision History
9 (RLIN) 10314
942 ## - ADDED ENTRY ELEMENTS (KOHA)
Source of classification or shelving scheme Library of Congress Classification
Item type Monograph ( Printed materials)
Holdings
Withdrawn status Lost status Source of classification or shelving scheme Damaged status Not for loan Collection code Home library Current library Shelving location Date acquired Total Checkouts Full call number Barcode Date last seen Date last borrowed Copy number Price effective from Koha item type
    Library of Congress Classification     Main Collection ARRUPE LIBRARY ARRUPE LIBRARY   27/02/2013 1 DT2928.C976 46404329 02/08/2019 24/07/2019 1 27/02/2013 Monograph ( Printed materials)

 

Arrupe Library. PO Box MP320 Mt Pleasant, Harare, Zimbabwe
263 242 745411|librarian@aju.ac.zw